000
00316nam a2200109Ia 4500
008
171211s9999 xx 000 0 und d
245
2
_a
A Dictionary for the Modern Pianist
245
_c
Stephen Siek
260
_c
2016
650
_x
Encyclopedia and Dictionary
856
_u
http://down.ebook777.com/064/0810888793.pdf
999
_c
350150
_d
350150